000 00282nam a2200145Ia 4500
100 _aLevine/David
942 _cBK
654 _acomputer
245 _aLive Java
260 _bAP Professional
_c1998
082 _a5.13
_bLEV
300 _a323
546 _aENGLISH
999 _c33842
_d33842